000 00650nam a2200229Ia 4500
003 OSt
005 20220928113627.0
006 a|||||r|||| 00| 0
007 ta
008 220927b |||||||| |||| 00| 0 eng d
024 _a46867
037 _cTextual
040 _aSDCL
_cSDCL
_beng
041 _2eng
_aeng
082 _aV3'L9<K8, L8
100 _aHarris R W
_9434143
245 0 _aEngland in the eighteenth century
_b A balanced constitution and new horizons
260 _aDelhi
_bSurjeet Publications
_c1978
300 _avii,240p
_ccm.
942 _hV3'L9<K8, L8
_cTEXL
_2CC
999 _c750529
_d750529